[Event "West Wales Open"]
[Site "Swansea"]
[Date "2019.10.11"]
[Round "1.1"]
[White "Guy, David"]
[Black "Kosuzek, Daniel"]
[Result "0-1"]
[WhiteElo "1891"]
[BlackElo "2338"]
[PlyCount "56"]
[EventDate "2019.10.12"]
[EventType "swiss"]
[EventRounds "5"]
[EventCountry "WLS"]

1. d4 Nf6 2. c4 e6 3. Nf3 d5 4. Nc3 dxc4 5. Qa4+ Nbd7 6. g3 a6 7. Bg2 Rb8 8.
Qxc4 b5 9. Qd3 Bb7 10. O-O Bd6 11. Bf4 Bxf4 12. gxf4 c5 13. dxc5 Nxc5 14. Qxd8+
Rxd8 15. Rad1 Ke7 16. Nd4 Bxg2 17. Kxg2 Rc8 18. e3 b4 19. Nce2 h6 20. Nc1 Rhg8
21. h4 g5 22. hxg5 hxg5 23. fxg5 Rxg5+ 24. Kf3 e5 25. Ndb3 Nce4 26. Nd3 Rc2 27.
Nxb4 Rg3+ 28. fxg3 Ng5# 0-1

[Event "West Wales Open"]
[Site "Swansea"]
[Date "2019.10.11"]
[Round "1.2"]
[White "Toczek, Grzegorz"]
[Black "Bevan, Peter M"]
[Result "1-0"]
[WhiteElo "2259"]
[BlackElo "1889"]
[PlyCount "39"]
[EventDate "2019.10.12"]
[EventType "swiss"]
[EventRounds "5"]
[EventCountry "WLS"]

1. e4 d5 2. exd5 Qxd5 3. Nc3 Qd8 4. d4 c6 5. Bc4 Bf5 6. g4 Bg6 7. h4 h5 8. g5
e6 9. Nge2 Bb4 10. Nf4 Ne7 11. Nxg6 Nxg6 12. Be3 Qa5 13. Qd3 Nd7 14. Bxe6 Bxc3+
15. bxc3 Nde5 16. dxe5 Nxe5 17. Bxf7+ Kxf7 18. Qf5+ Ke7 19. Bd4 Rae8 20. O-O-O
1-0

[Event "West Wales Open"]
[Site "Swansea"]
[Date "2019.10.11"]
[Round "1.3"]
[White "Van Kemenade, Rudy"]
[Black "Thompson, Ian D"]
[Result "0-1"]
[WhiteElo "1885"]
[BlackElo "2120"]
[PlyCount "48"]
[EventDate "2019.10.12"]
[EventType "swiss"]
[EventRounds "5"]
[EventCountry "WLS"]

1. e4 e6 2. d3 d5 3. Qe2 dxe4 4. dxe4 e5 5. Nf3 Nc6 6. c3 a5 7. Qc2 Bc5 8. Bb5
Qf6 9. O-O Nge7 10. Nbd2 O-O 11. Nc4 Bg4 12. Ne1 Ng6 13. Nd3 Be7 14. Bxc6 bxc6
15. f3 Be6 16. Qa4 Rfd8 17. Rd1 Bc8 18. Be3 Ba6 19. Nc5 Bb5 20. Rxd8+ Rxd8 21.
Qb3 Bxc5 22. Bxc5 a4 23. Qb4 Nf4 24. Be3 Nd3 0-1

[Event "West Wales Open"]
[Site "Swansea"]
[Date "2019.10.11"]
[Round "1.4"]
[White "Garcia, Jason"]
[Black "Brown, Geoffrey M"]
[Result "1/2-1/2"]
[WhiteElo "2050"]
[BlackElo "1861"]
[PlyCount "115"]
[EventDate "2019.10.12"]
[EventType "swiss"]
[EventRounds "5"]
[EventCountry "WLS"]

1. Nf3 e6 2. c4 f5 3. g3 Nf6 4. Bg2 Be7 5. b3 O-O 6. Bb2 d6 7. d4 Ne4 8. Nfd2
Nxd2 9. Nxd2 f4 10. e3 fxe3 11. fxe3 Nc6 12. Nf3 Bf6 13. O-O a5 14. a3 Qe7 15.
Qd2 Rb8 16. e4 e5 17. d5 Nd8 18. Qxa5 Nf7 19. Qc3 h5 20. Bc1 c6 21. Be3 cxd5
22. cxd5 Bg4 23. Rac1 Bg5 24. h4 Bxe3+ 25. Qxe3 b5 26. b4 Ra8 27. Nd2 Ra4 28.
Nb1 Rfa8 29. Bf3 Nh6 30. Qb6 g5 31. Rc7 Qd8 32. Bxg4 hxg4 33. Rb7 Qxb6+ 34.
Rxb6 gxh4 35. Rxd6 R4a6 36. Rxa6 Rxa6 37. gxh4 Kg7 38. Rc1 Rf6 39. Rc7+ Nf7 40.
Nd2 Kg6 41. Kg2 Kh5 42. Kg3 Nd6 43. Re7 Nc4 44. Nxc4 Rf3+ 45. Kg2 bxc4 46. Rh7+
Kg6 47. Rc7 Rxa3 48. Rxc4 Kh5 49. b5 Rb3 50. d6 Rxb5 51. d7 Rb2+ 52. Kg3 Rb3+
53. Kf2 Rd3 54. Rc8 Rxd7 55. Rc5 Rf7+ 56. Kg2 Kxh4 57. Rxe5 Rh7 58. Rf5 1/2-1/2

[Event "West Wales Open"]
[Site "Swansea"]
[Date "2019.10.11"]
[Round "1.5"]
[White "Whitehead, Mark A"]
[Black "Musson, Adam J"]
[Result "0-1"]
[WhiteElo "1847"]
[BlackElo "2017"]
[PlyCount "100"]
[EventDate "2019.10.12"]
[EventType "swiss"]
[EventRounds "5"]
[EventCountry "WLS"]

1. e4 c5 2. Nc3 d6 3. g3 Nc6 4. Bg2 g6 5. d3 Bg7 6. Be3 e6 7. Qd2 Bd7 8. Nge2
a6 9. O-O Nd4 10. Rae1 Ne7 11. Nd1 Rb8 12. Nc1 O-O 13. f4 Qc7 14. g4 f5 15. c3
Ndc6 16. h3 b5 17. a3 a5 18. Ne2 b4 19. axb4 axb4 20. d4 Na5 21. dxc5 dxc5 22.
Bf2 Bc6 23. cxb4 cxb4 24. e5 Bxg2 25. Kxg2 Rfd8 26. Qe3 Nc4 27. Qc5 Qb7+ 28.
Kg3 Nd2 29. Qe3 Nxf1+ 30. Rxf1 Qb5 31. Qf3 Rd2 32. Re1 Rd3 33. Ne3 Nd5 34. Nc1
Rd4 35. Ne2 Re4 36. Kg2 Rc8 37. Nxd5 Qxd5 38. Ng3 Rxe1 39. Qxd5 exd5 40. Bxe1
Rc2+ 41. Kf3 fxg4+ 42. hxg4 Rxb2 43. Ne2 Rb3+ 44. Kf2 Bf8 45. Nc1 Bc5+ 46. Ke2
Re3+ 47. Kd2 Re4 48. Nd3 Be3+ 49. Kc2 Bxf4 50. Bxb4 Bxe5 0-1

[Event "West Wales Open"]
[Site "Swansea"]
[Date "2019.10.11"]
[Round "1.6"]
[White "Young, Alan"]
[Black "Buttell, David"]
[Result "1-0"]
[WhiteElo "2015"]
[BlackElo "1828"]
[PlyCount "83"]
[EventDate "2019.10.12"]
[EventType "swiss"]
[EventRounds "5"]
[EventCountry "WLS"]

1. e4 d6 2. d4 Nf6 3. Nc3 g6 4. Bg5 Bg7 5. Qd2 h6 6. Bh4 c6 7. f4 Qa5 8. Nf3
Nbd7 9. Bd3 a6 10. O-O b5 11. e5 Nd5 12. Nxd5 Qxd2 13. Nc7+ Kd8 14. Nxd2 Kxc7
15. Bxe7 d5 16. f5 g5 17. c3 Bf8 18. Bxf8 Nxf8 19. a4 Rb8 20. axb5 axb5 21. b4
Kb6 22. Nb3 Nd7 23. e6 Nf6 24. Nc5 Rf8 25. Ra2 Ne4 26. Bxe4 dxe4 27. Re2 fxe6
28. fxe6 Rxf1+ 29. Kxf1 Kc7 30. e7 Bb7 31. Rxe4 Re8 32. Nxb7 Kxb7 33. Ke2 Kc7
34. Kf3 Kd6 35. Kg4 Rxe7 36. Rxe7 Kxe7 37. Kh5 Ke6 38. Kxh6 Kf5 39. Kh5 Ke4 40.
Kxg5 Kd3 41. h4 Kxc3 42. h5 1-0

[Event "West Wales Open"]
[Site "Swansea"]
[Date "2019.10.11"]
[Round "1.7"]
[White "Marin Marin, Francisco Javier"]
[Black "Van Veelen, Thomas"]
[Result "0-1"]
[WhiteElo "1767"]
[BlackElo "1992"]
[PlyCount "56"]
[EventDate "2019.10.12"]
[EventType "swiss"]
[EventRounds "5"]
[EventCountry "WLS"]

1. e4 e6 2. d4 d5 3. e5 c5 4. c3 Nc6 5. Nf3 Bd7 6. Bd3 Qb6 7. O-O cxd4 8. cxd4
Nxd4 9. Nxd4 Qxd4 10. Nc3 Qxe5 11. Re1 Qd6 12. Nb5 Qb6 13. Be3 Qd8 14. Rc1 Rc8
15. Bf4 Rxc1 16. Qxc1 Bb4 17. Nc7+ Kf8 18. Re3 Nf6 19. Rg3 Nh5 20. Bg5 Be7 21.
Bxe7+ Qxe7 22. Re3 Nf6 23. Bb5 d4 24. Rd3 Bc6 25. Bxc6 Qxc7 26. Qc5+ Kg8 27.
Rxd4 h6 28. Rd6 Ne4 0-1

[Event "West Wales Open"]
[Site "Swansea"]
[Date "2019.10.11"]
[Round "1.8"]
[White "McCarthy, Maurice"]
[Black "Thomas, Roy"]
[Result "1/2-1/2"]
[WhiteElo "1980"]
[BlackElo "1696"]
[PlyCount "74"]
[EventDate "2019.10.12"]
[EventType "swiss"]
[EventRounds "5"]
[EventCountry "WLS"]

1. c4 e6 2. Nf3 f5 3. g3 Nf6 4. Bg2 Be7 5. O-O O-O 6. d4 d6 7. b4 Qe8 8. a4 Nc6
9. b5 Nd8 10. Bb2 Qh5 11. Qb3 Nf7 12. Rd1 g5 13. Nbd2 g4 14. Ne1 Qg6 15. Nd3
Nh5 16. c5 d5 17. a5 Ng5 18. Ne5 Qf6 19. Rf1 Nf7 20. f4 Nxe5 21. fxe5 Qh6 22.
e3 Bg5 23. Rfe1 Bd7 24. Nf1 Rfc8 25. a6 b6 26. cxb6 cxb6 27. Rac1 Qf8 28. Ba3
Qe8 29. Rxc8 Rxc8 30. Rb1 Ng7 31. Kf2 Kf7 32. Nd2 h5 33. Bf1 h4 34. Bd3 h3 35.
Rb2 Be7 36. Bxe7 Qxe7 37. Nb1 Ne8 1/2-1/2

[Event "West Wales Open"]
[Site "Swansea"]
[Date "2019.10.11"]
[Round "1.10"]
[White "May, Adam J"]
[Black "Sipho, Donovan"]
[Result "1-0"]
[WhiteElo "1924"]
[BlackElo "1659"]
[PlyCount "77"]
[EventDate "2019.10.12"]
[EventType "swiss"]
[EventRounds "5"]
[EventCountry "WLS"]

1. c4 e5 2. g3 Nf6 3. Bg2 Bc5 4. Nc3 c6 5. e3 d5 6. cxd5 cxd5 7. d4 exd4 8.
exd4 Be7 9. Nge2 O-O 10. O-O Be6 11. Bg5 Nbd7 12. Nf4 Nb6 13. Nxe6 fxe6 14. Qe2
Qd6 15. Rae1 h6 16. Bf4 Qc6 17. Qxe6+ Qxe6 18. Rxe6 Kf7 19. Re2 Rfe8 20. Nb5
Bb4 21. Rxe8 Nxe8 22. a3 Be7 23. Re1 a6 24. Nc3 Rd8 25. h4 Bf6 26. Rd1 g5 27.
hxg5 hxg5 28. Be5 Rd7 29. f4 gxf4 30. gxf4 Nc7 31. Bh3 Ne6 32. b3 Nc8 33. Re1
Bxe5 34. Rxe5 Rd6 35. Bxe6+ Rxe6 36. Nxd5 Nd6 37. Nc3 Kf6 38. Kf2 Nf7 39. Nd5+
1-0

[Event "West Wales Open"]
[Site "Swansea"]
[Date "2019.10.11"]
[Round "1.11"]
[White "Morgans, Justin"]
[Black "Fathallah, Joe"]
[Result "0-1"]
[WhiteElo "1657"]
[BlackElo "1904"]
[PlyCount "90"]
[EventDate "2019.10.12"]
[EventType "swiss"]
[EventRounds "5"]
[EventCountry "WLS"]

1. e4 e6 2. d4 d5 3. Nd2 Nc6 4. c3 e5 5. Ngf3 dxe4 6. Nxe4 exd4 7. Bb5 Bg4 8.
Qxd4 Qxd4 9. Nxd4 O-O-O 10. Be3 Nxd4 11. Bxd4 a6 12. Ba4 Nh6 13. f3 Bd7 14.
Bxd7+ Rxd7 15. O-O Nf5 16. Bf2 Be7 17. Rfd1 Rhd8 18. Rxd7 Rxd7 19. Kf1 b6 20.
Ke2 Kb7 21. g3 c5 22. Rd1 Rxd1 23. Kxd1 c4 24. Ke2 Kc6 25. g4 Nh4 26. Bd4 f6
27. Ng3 g6 28. h3 b5 29. Ne4 f5 30. Bf6 Nxf3 31. gxf5 gxf5 32. Bxe7 fxe4 33. h4
Kd5 34. h5 Ne5 35. Bg5 Nd3 36. b3 cxb3 37. axb3 Nc5 38. b4 Na4 39. Bf6 Kc4 40.
Ke3 Nxc3 41. Bxc3 Kxc3 42. Kxe4 Kxb4 43. Kf5 a5 44. Kf6 a4 45. Kg7 a3 0-1

[Event "West Wales Open"]
[Site "Swansea"]
[Date "2019.10.11"]
[Round "1.12"]
[White "Jukes, Sam"]
[Black "Cheung, Ryan"]
[Result "0-1"]
[WhiteElo "1897"]
[BlackElo "1642"]
[PlyCount "90"]
[EventDate "2019.10.12"]
[EventType "swiss"]
[EventRounds "5"]
[EventCountry "WLS"]

1. e4 e5 2. Nf3 Nc6 3. Bc4 Bc5 4. c3 Nf6 5. d3 d6 6. Bb3 Bb6 7. O-O O-O 8. Nbd2
Qe7 9. Nc4 Be6 10. Be3 Bxe3 11. Nxe3 Bxb3 12. Qxb3 Nd8 13. a4 c6 14. Nf5 Qc7
15. Rfe1 Ne6 16. g3 Rfe8 17. Qc4 Rad8 18. b4 g6 19. Ne3 d5 20. exd5 cxd5 21.
Qh4 Kg7 22. Rac1 e4 23. dxe4 dxe4 24. Ng5 Nxg5 25. Qxg5 Re5 26. Qf4 g5 27. Nf5+
Kg6 28. Nh4+ gxh4 29. f3 Qb6+ 30. Kh1 Rf5 31. Qxh4 exf3 32. g4 Rg5 33. h3 f2
34. Rf1 Qc6+ 35. Kh2 Qd6+ 36. Qg3 Qxg3+ 37. Kxg3 Rd3+ 38. Kg2 Ne4 39. c4 h5 40.
Rxf2 Nxf2 41. Kxf2 hxg4 42. hxg4 Rxg4 43. b5 Rdd4 44. c5 Rxa4 45. c6 bxc6 0-1

[Event "West Wales Open"]
[Site "Swansea"]
[Date "2019.10.11"]
[Round "1.13"]
[White "Chung, Joel"]
[Black "Phillips, William"]
[Result "1-0"]
[WhiteElo "1463"]
[BlackElo "1893"]
[PlyCount "125"]
[EventDate "2019.10.12"]
[EventType "swiss"]
[EventRounds "5"]
[EventCountry "WLS"]

1. e4 e5 2. f4 exf4 3. Nf3 g5 4. Bc4 Bg7 5. d4 d6 6. h4 h6 7. c3 Nc6 8. Na3 Qe7
9. Qe2 Bg4 10. Bd2 O-O-O 11. O-O-O Nf6 12. d5 Ne5 13. Bb3 a6 14. Rde1 Nh5 15.
Kc2 Ng3 16. Qf2 Nxh1 17. Rxh1 c5 18. dxc6 Nxc6 19. Bd5 Qc7 20. hxg5 Nb4+ 21.
Kb1 Nxd5 22. exd5 Bxf3 23. Qxf3 hxg5 24. Rxh8 Rxh8 25. Qg4+ Qd7 26. Qxg5 Be5
27. Nc4 Qd8 28. Qf5+ Kb8 29. Nxe5 dxe5 30. Qxe5+ Ka8 31. Bxf4 Qg8 32. a3 Qe8
33. Qf5 Rh1+ 34. Ka2 Rh8 35. Qd3 Rg8 36. Qd2 Qe4 37. g3 Rd8 38. d6 Qc4+ 39. b3
Qe6 40. a4 Re8 41. Ka3 Rd8 42. Qd4 Rd7 43. Qc5 Kb8 44. Be3 b6 45. Qxb6+ Rb7 46.
Qd8+ Qc8 47. Qxc8+ Kxc8 48. Bf4 Kd7 49. b4 Rb8 50. Kb3 Re8 51. Kc4 Kc8 52. b5
axb5+ 53. axb5 Kd7 54. Kd5 Re1 55. Kc5 Rh1 56. c4 Rh5+ 57. Kb6 Rh8 58. c5 Rb8+
59. Ka5 Ra8+ 60. Kb4 f5 61. c6+ Kd8 62. Kc5 Ra1 63. Kb6 1-0

[Event "West Wales Open"]
[Site "Swansea"]
[Date "2019.10.12"]
[Round "2.1"]
[White "Kosuzek, Daniel"]
[Black "Jones, Ian Robert"]
[Result "1-0"]
[WhiteElo "2338"]
[BlackElo "1975"]
[PlyCount "76"]
[EventDate "2019.10.12"]
[EventType "swiss"]
[EventRounds "5"]
[EventCountry "WLS"]

1. d4 d6 2. Nf3 Nc6 3. e4 Nf6 4. d5 Nb8 5. Bd3 c6 6. O-O g6 7. h3 Bg7 8. c4 O-O
9. Nc3 Nbd7 10. Re1 Ne5 11. Nxe5 dxe5 12. dxc6 bxc6 13. Be3 Be6 14. Qc2 Nh5 15.
Bf1 Qc7 16. Na4 Nf4 17. Nc5 Rfd8 18. g3 Nxh3+ 19. Kh2 Nf4 20. gxf4 exf4 21.
Nxe6 fxe6 22. Bd2 f3+ 23. e5 Bxe5+ 24. Kg1 Bd4 25. Be3 Qe5 26. Bh3 Qh5 27.
Bxe6+ Kf8 28. Qe4 Be5 29. Qxe5 Qxe5 30. Bh6+ Qg7 31. Bxg7+ Kxg7 32. Rad1 h5 33.
Bd7 Rab8 34. Rxe7+ Kf6 35. Re3 Rxb2 36. Rxf3+ Ke7 37. Re3+ Kf8 38. Rd6 Kf7 1-0

[Event "West Wales Open"]
[Site "Swansea"]
[Date "2019.10.12"]
[Round "2.2"]
[White "Fathallah, Joe"]
[Black "Toczek, Grzegorz"]
[Result "0-1"]
[WhiteElo "1904"]
[BlackElo "2259"]
[PlyCount "80"]
[EventDate "2019.10.12"]
[EventType "swiss"]
[EventRounds "5"]
[EventCountry "WLS"]

1. b3 c5 2. Bb2 Nc6 3. e3 d5 4. f4 Nf6 5. Nf3 g6 6. Bb5 Bg7 7. O-O O-O 8. Bxc6
bxc6 9. d3 c4 10. bxc4 Qb6 11. Bd4 c5 12. Be5 dxc4 13. Nbd2 cxd3 14. cxd3 Qa6
15. Nc4 Rd8 16. Qc2 Bd7 17. a4 Bf8 18. Bxf6 exf6 19. a5 Bf5 20. e4 Be6 21. Rfd1
Bh6 22. g3 Rd7 23. Ne3 Rc8 24. Qc3 Rcd8 25. Ra3 Rd4 26. Nd5 R4xd5 27. exd5 Bxd5
28. d4 c4 29. Kf2 Rb8 30. Nd2 Qe6 31. Rg1 Qh3 32. Nf1 Bf8 33. g4 Qh6 34. g5
fxg5 35. fxg5 Qh4+ 36. Rg3 Bxa3 37. Qxa3 Qxd4+ 38. Re3 Rb2+ 39. Kg3 Rg2+ 40.
Kh3 Qg4# 0-1

[Event "West Wales Open"]
[Site "Swansea"]
[Date "2019.10.12"]
[Round "2.3"]
[White "Thompson, Ian D"]
[Black "May, Adam J"]
[Result "1-0"]
[WhiteElo "2120"]
[BlackElo "1924"]
[PlyCount "81"]
[EventDate "2019.10.12"]
[EventType "swiss"]
[EventRounds "5"]
[EventCountry "WLS"]

1. c4 e6 2. Nc3 d5 3. d4 Nf6 4. cxd5 exd5 5. Bg5 c6 6. Qc2 Be7 7. e3 Nbd7 8.
Bd3 h6 9. Bh4 Nh5 10. Bxe7 Qxe7 11. Nge2 Nb6 12. O-O-O Bd7 13. Kb1 O-O-O 14. h3
Kb8 15. Rhe1 Rhe8 16. Nc1 Bc8 17. Nb3 g6 18. Ka1 Ng7 19. g4 Ne6 20. f3 c5 21.
Qh2+ Ka8 22. dxc5 Nxc5 23. Nxc5 Qxc5 24. e4 d4 25. Nb5 Re7 26. Rc1 Qe5 27. Qd2
Bd7 28. f4 Qf6 29. e5 Qh4 30. Nxa7 Kxa7 31. Qa5+ Kb8 32. Qxb6 Re6 33. Qc7+ Ka8
34. g5 Ree8 35. Be4 Bc8 36. Qa5+ Kb8 37. Rc4 Rd7 38. Ra4 Qxf4 39. Qa8+ Kc7 40.
Rc4+ Kb6 41. Rec1 1-0

[Event "West Wales Open"]
[Site "Swansea"]
[Date "2019.10.12"]
[Round "2.4"]
[White "Musson, Adam J"]
[Black "Chung, Joel"]
[Result "1-0"]
[WhiteElo "2017"]
[BlackElo "1463"]
[PlyCount "63"]
[EventDate "2019.10.12"]
[EventType "swiss"]
[EventRounds "5"]
[EventCountry "WLS"]

1. Nf3 Nf6 2. c4 g6 3. Nc3 Bg7 4. e4 d6 5. d4 O-O 6. Be2 c5 7. d5 Nbd7 8. h3
Nb6 9. a4 a5 10. O-O Nfd7 11. Be3 Ne5 12. Nxe5 Bxe5 13. f4 Bg7 14. Qd2 f5 15.
exf5 Bxf5 16. b3 e5 17. dxe6 Bxe6 18. Rad1 Bxc3 19. Qxc3 Qe7 20. Bf3 Rfd8 21.
Bc1 Qc7 22. Bb2 Kf8 23. f5 gxf5 24. Qh8+ Bg8 25. Be4 Rd7 26. Rxf5+ Rf7 27.
Rxf7+ Qxf7 28. Rf1 Ke7 29. Rxf7+ Bxf7 30. Qf6+ Ke8 31. Bxb7 Nd7 32. Qh8+ 1-0

[Event "West Wales Open"]
[Site "Swansea"]
[Date "2019.10.12"]
[Round "2.5"]
[White "Cheung, Ryan"]
[Black "Young, Alan"]
[Result "1-0"]
[WhiteElo "1642"]
[BlackElo "2015"]
[PlyCount "97"]
[EventDate "2019.10.12"]
[EventType "swiss"]
[EventRounds "5"]
[EventCountry "WLS"]

1. d4 d5 2. c4 e6 3. Nf3 Nf6 4. g3 Bb4+ 5. Bd2 Bd6 6. Nc3 c6 7. b3 Nbd7 8. Qc2
O-O 9. Bg2 Qe7 10. O-O Rd8 11. e4 Nxe4 12. Nxe4 dxe4 13. Qxe4 Nf6 14. Qe2 Bd7
15. Ne5 Be8 16. Ba5 Bc7 17. Bxc7 Qxc7 18. Rfd1 Nd7 19. Ng4 Nf8 20. h4 f6 21. c5
Bf7 22. Ne3 e5 23. Nf5 exd4 24. Nd6 Bd5 25. Rxd4 Bxg2 26. Kxg2 Rd7 27. Re1 b6
28. b4 h6 29. Re4 bxc5 30. bxc5 Kh7 31. h5 Qa5 32. Qc2 Kh8 33. Qc4 Kh7 34. Re7
Qd2 35. Qe4+ Kh8 36. Nf7+ Kg8 37. Rxd7 Qxd7 38. Nd6 Rb8 39. Qc4+ Kh8 40. Re4 a5
41. Qe2 Rb4 42. Re7 Qg4 43. Qxg4 Rxg4 44. f4 f5 45. Nxf5 g6 46. hxg6 Nxg6 47.
Re8+ Kh7 48. Kf3 h5 49. Ne3 1-0

[Event "West Wales Open"]
[Site "Swansea"]
[Date "2019.10.12"]
[Round "2.6"]
[White "Brown, Geoffrey M"]
[Black "Graham, David B"]
[Result "1-0"]
[WhiteElo "1861"]
[BlackElo "2162"]
[PlyCount "81"]
[EventDate "2019.10.12"]
[EventType "swiss"]
[EventRounds "5"]
[EventCountry "WLS"]

1. f4 c5 2. Nf3 Nc6 3. e3 g6 4. d4 Bg7 5. c3 d6 6. d5 Na5 7. Bb5+ Bd7 8. Qa4 b6
9. Nbd2 Nf6 10. e4 O-O 11. Bxd7 Nxd7 12. O-O Rb8 13. Nb3 Nxb3 14. axb3 Rb7 15.
Qb5 Nb8 16. Qd3 Qc7 17. h4 b5 18. h5 Nd7 19. hxg6 hxg6 20. Ng5 Bh6 21. Qg3 Kg7
22. Bd2 Bxg5 23. Qxg5 Rh8 24. Qxe7 Qb6 25. Qg5 c4+ 26. Rf2 Nf6 27. Re1 Re7 28.
Be3 Rxe4 29. Bxb6 Rxe1+ 30. Rf1 Rh1+ 31. Kxh1 Rxf1+ 32. Bg1 Ne4 33. Qe7 Rxf4
34. Bd4+ Kh6 35. Kh2 Kh5 36. g3 Rg4 37. Qxf7 Nxg3 38. Be3 Kh4 39. Qf6+ g5 40.
Qh6+ Nh5 41. Bf2+ 1-0

[Event "West Wales Open"]
[Site "Swansea"]
[Date "2019.10.12"]
[Round "2.7"]
[White "Makkar, Rajat"]
[Black "Turner, Joseph David"]
[Result "1-0"]
[WhiteElo "2135"]
[BlackElo "1842"]
[PlyCount "85"]
[EventDate "2019.10.12"]
[EventType "swiss"]
[EventRounds "5"]
[EventCountry "WLS"]

1. d4 Nf6 2. c4 g6 3. g3 Bg7 4. Bg2 O-O 5. Nc3 d6 6. Nf3 Nc6 7. O-O Bf5 8. Ne1
Qd7 9. e4 Bg4 10. f3 Bh3 11. d5 Ne5 12. Qe2 h5 13. Bxh3 Qxh3 14. f4 Neg4 15.
Nf3 Nh6 16. Bd2 c6 17. a4 Nd7 18. a5 Nc5 19. Ra3 Rae8 20. b4 Nd7 21. a6 cxd5
22. cxd5 b6 23. Nb5 f5 24. e5 dxe5 25. fxe5 Ra8 26. Rc3 Qg4 27. Rc4 f4 28. Bxf4
Rac8 29. Re4 Nf5 30. Qg2 h4 31. h3 Qh5 32. g4 Qh7 33. Ng5 Qh8 34. gxf5 gxf5 35.
Re2 Rc4 36. Ne6 Rf7 37. Nxa7 Rxb4 38. Nc6 Qh5 39. a7 Ra4 40. Ra2 Rxa2 41. Qxa2
Nxe5 42. a8=Q+ Kh7 43. Nxe5 1-0

[Event "West Wales Open"]
[Site "Swansea"]
[Date "2019.10.12"]
[Round "2.8"]
[White "Haigh, Tony"]
[Black "Garcia, Jason"]
[Result "0-1"]
[WhiteElo "1761"]
[BlackElo "2050"]
[PlyCount "64"]
[EventDate "2019.10.12"]
[EventType "swiss"]
[EventRounds "5"]
[EventCountry "WLS"]

1. d4 Nf6 2. Bg5 e6 3. c4 c5 4. d5 exd5 5. cxd5 d6 6. Nc3 g6 7. e4 Bg7 8. Bb5+
Bd7 9. Bxd7+ Nbxd7 10. Nge2 a6 11. a4 O-O 12. O-O Re8 13. Qc2 Rc8 14. Rab1 Qa5
15. Bf4 Ne5 16. h3 b5 17. axb5 axb5 18. Ng3 Nfd7 19. f3 c4 20. Be3 Nc5 21. f4
Ned3 22. f5 Be5 23. fxg6 fxg6 24. Nge2 Nb3 25. Nf4 Nxb2 26. Qxb2 Bxc3 27. Qf2
Rf8 28. Qg3 Be5 29. Qg4 Bxf4 30. Qe6+ Kh8 31. Rxf4 Qc3 32. Qxd6 Qxe3+ 0-1

[Event "West Wales Open"]
[Site "Swansea"]
[Date "2019.10.12"]
[Round "2.9"]
[White "Denham-Kennedy, Colin"]
[Black "McCarthy, Maurice"]
[Result "0-1"]
[WhiteElo "1656"]
[BlackElo "1980"]
[PlyCount "48"]
[EventDate "2019.10.12"]
[EventType "swiss"]
[EventRounds "5"]
[EventCountry "WLS"]

1. Nf3 d5 2. d4 Nf6 3. e3 g6 4. Nbd2 Bg7 5. c4 O-O 6. cxd5 Nxd5 7. Bc4 Nc6 8.
a3 e5 9. dxe5 Nb6 10. Ba2 Nxe5 11. Nxe5 Bxe5 12. O-O Qf6 13. Rb1 Rd8 14. f4 Bd6
15. Ne4 Qe7 16. Nxd6 Rxd6 17. Qf3 Bf5 18. Ra1 Be4 19. Qg3 Rad8 20. b3 Qf6 21.
Rb1 Bxb1 22. Bxb1 Qc3 23. f5 Rd1 24. Qf2 Qxc1 0-1

[Event "West Wales Open"]
[Site "Swansea"]
[Date "2019.10.12"]
[Round "2.10"]
[White "Thomas, Roy"]
[Black "Hilton, Tim"]
[Result "0-1"]
[WhiteElo "1696"]
[BlackElo "1868"]
[PlyCount "52"]
[EventDate "2019.10.12"]
[EventType "swiss"]
[EventRounds "5"]
[EventCountry "WLS"]

1. f4 g6 2. Nf3 Bg7 3. e4 d5 4. e5 Bg4 5. d4 e6 6. Bb5+ c6 7. Be2 Bxf3 8. Bxf3
c5 9. c3 Qb6 10. Na3 Nc6 11. Nc2 cxd4 12. Nxd4 Nxd4 13. cxd4 Ne7 14. b3 Nf5 15.
Bb2 h5 16. Qd3 Rc8 17. O-O Bh6 18. g4 hxg4 19. Bxg4 Kd7 20. Bxf5 gxf5 21. Ba3
Qa5 22. Bc5 b6 23. b4 Qa4 24. Bd6 Rc4 25. Qh3 Qc2 26. Qa3 Rg8+ 0-1

[Event "West Wales Open"]
[Site "Swansea"]
[Date "2019.10.12"]
[Round "2.11"]
[White "Buttell, David"]
[Black "Jukes, Sam"]
[Result "0-1"]
[WhiteElo "1828"]
[BlackElo "1897"]
[PlyCount "128"]
[EventDate "2019.10.12"]
[EventType "swiss"]
[EventRounds "5"]
[EventCountry "WLS"]

1. d4 Nf6 2. c4 e6 3. Nf3 d5 4. g3 c6 5. Bg2 Nbd7 6. O-O Be7 7. Nbd2 O-O 8. b3
b6 9. Bb2 Bb7 10. Rc1 a5 11. Qc2 Qb8 12. Rfd1 a4 13. e3 a3 14. Ba1 Rc8 15. Qb1
c5 16. dxc5 Bxc5 17. cxd5 Bxd5 18. Qd3 Qb7 19. Nh4 Bxg2 20. Nxg2 b5 21. Nh4 h6
22. Nhf3 Be7 23. Nd4 Rxc1 24. Rxc1 Rc8 25. Qf1 Bb4 26. Nb1 Rxc1 27. Qxc1 Ne5
28. Qc2 Ne4 29. h3 Be1 30. f4 Nxg3 31. Qg2 Qc7 32. fxe5 Qc1 33. Qc2 Qxe3+ 34.
Kg2 Nh5 35. Nxa3 Nf4+ 36. Kf1 Bg3 37. Bc3 Nd5 38. Qe2 Qc1+ 39. Be1 Qf4+ 40. Nf3
Bxe1 41. Kxe1 Qc1+ 42. Kf2 Qc5+ 43. Kf1 Qxa3 44. Qxb5 Qc1+ 45. Ne1 Qf4+ 46. Kg1
Qg3+ 47. Ng2 Nf4 48. Qf1 Nxh3+ 49. Kh1 Nf2+ 50. Kg1 Ng4 51. Qf4 Qh3 52. b4 g5
53. Qd4 Qh2+ 54. Kf1 Qh1+ 55. Qg1 Nh2+ 56. Kf2 Qxg1+ 57. Kxg1 Nf3+ 58. Kf2 Nxe5
59. b5 Kf8 60. a4 Nc4 61. Ne3 Nxe3 62. b6 Ng4+ 63. Kg1 Ne5 64. a5 Nd7 0-1

[Event "West Wales Open"]
[Site "Swansea"]
[Date "2019.10.12"]
[Round "2.12"]
[White "Phillips, William"]
[Black "Whitehead, Mark A"]
[Result "1/2-1/2"]
[WhiteElo "1893"]
[BlackElo "1847"]
[PlyCount "48"]
[EventDate "2019.10.12"]
[EventType "swiss"]
[EventRounds "5"]
[EventCountry "WLS"]

1. d4 Nf6 2. Nf3 e6 3. Bg5 Be7 4. c4 d5 5. Nc3 O-O 6. e3 h6 7. Bh4 Nbd7 8. Bd3
dxc4 9. Bxc4 c5 10. O-O cxd4 11. exd4 Nb6 12. Bb3 Nbd5 13. Nxd5 Nxd5 14. Bxe7
Nxe7 15. Qe2 b6 16. Qe4 Ba6 17. Rfe1 Qd6 18. Bc2 g6 19. Rad1 Bc4 20. a3 Bd5 21.
Qh4 Kg7 22. Ne5 Nf5 23. Qh3 Rac8 24. Bb1 Rc7 1/2-1/2

[Event "West Wales Open"]
[Site "Swansea"]
[Date "2019.10.12"]
[Round "2.13"]
[White "Hare, Roy T"]
[Black "Guy, David"]
[Result "1/2-1/2"]
[WhiteElo "1672"]
[BlackElo "1891"]
[PlyCount "94"]
[EventDate "2019.10.12"]
[EventType "swiss"]
[EventRounds "5"]
[EventCountry "WLS"]

1. e4 c5 2. Nf3 d6 3. Bc4 e6 4. d4 cxd4 5. Nxd4 Nc6 6. Be3 Nf6 7. Nc3 Be7 8.
Nxc6 bxc6 9. Bd3 e5 10. O-O O-O 11. h3 Be6 12. Ne2 d5 13. Ng3 Qc8 14. Qf3 Rd8
15. Nf5 Bxf5 16. Qxf5 Qxf5 17. exf5 h6 18. Rfe1 Bd6 19. Rf1 d4 20. Bd2 Rab8 21.
b3 e4 22. Be2 Bc5 23. g4 e3 24. Be1 Nd5 25. f3 Nf4 26. Bd3 Nxh3+ 27. Kh2 Ng5
28. Bg3 Bd6 29. f4 Nh7 30. Kg2 Re8 31. Rae1 c5 32. Rh1 Rb6 33. Kf3 Bc7 34. Re2
f6 35. Rh3 Kf8 36. Bh4 Bd6 37. g5 fxg5 38. fxg5 Nxg5+ 39. Bxg5 hxg5 40. Rg2 Be7
41. Rh5 Bf6 42. Rh8+ Ke7 43. Rxe8+ Kxe8 44. Rh2 Ke7 45. Rh8 Rb7 46. Be4 Rc7 47.
Rb8 Kd6 1/2-1/2